[Event "Chess Cake, munching on the Chess Cake :-)"]
[Site "SchemingMind.com"]
[Date "2011.06.18"]
[Round "-"]
[White "THFC"]
[Black "maro"]
[Result "1-0"]
[WhiteCountry "ENG"]
[BlackCountry "MEX"]
[WhiteElo "1483"]
[WhiteRD "87"]
[BlackElo "1358"]
[BlackRD "51"]
[GameID "286786"]

1. e4 e5 2. Nf3 Nc6 3. Bb5 Nge7 4. Bxc6 Nxc6 5. d3 d6 6. O-O Be7 7. Nc3 Be6 8. h3 O-O 9. a3 Nd4 10. Be3 Nxf3+
11. Qxf3 c6 12. b4 h6 13. Ne2 b5 14. c3 a5 15. d4 exd4 16. Bxd4 d5 17. e5 axb4 18. axb4 Rxa1 19. Rxa1 Qc8 20. Ra7 Qd8
21. Ng3 g6 22. Qe3 Kh7 23. Kh2 Bg5 24. Qe2 h5 25. Bc5 Be7 26. Bxe7 Qe8 27. Bxf8 Qxf8 28. Ra6 c5 29. Qxb5 cxb4 30. cxb4 Qd8
31. Rd6
1-0

[Event "Chess Cake, munching on the Chess Cake :-)"]
[Site "SchemingMind.com"]
[Date "2011.06.19"]
[Round "-"]
[White "maro"]
[Black "THFC"]
[Result "0-1"]
[WhiteCountry "MEX"]
[BlackCountry "ENG"]
[WhiteElo "1356"]
[WhiteRD "52"]
[BlackElo "1483"]
[BlackRD "84"]
[GameID "286790"]

1. e4 e5 2. Nc3 d6 3. Nf3 Nf6 4. Bc4 h6 5. Nh4 Nxe4 6. Nxe4 Qxh4 7. d3 Qd8 8. Ng3 Be7 9. Qf3 Bf6 10. Nf5 Bxf5
11. Qxf5 O-O 12. d4 exd4 13. O-O Nc6 14. Bd3 g6 15. Qd5 Kg7 16. c3 dxc3 17. bxc3 Bxc3 18. Rb1 Rb8 19. Qb3 Bf6 20. Bb2 Bxb2
21. Qxb2+ f6 22. Qd2 Ne5 23. Bc2 Nc4 24. Qc3 Ne5 25. Rbd1 Qe7 26. Rfe1 Qf7 27. Bb3 Qd7 28. a4 a6 29. a5 c5 30. Bc4 Nxc4
31. Qxc4 Rbe8 32. Rxe8 Rxe8 33. h3 Qe6
0-1

[Event "Chess Cake, munching on the Chess Cake :-)"]
[Site "SchemingMind.com"]
[Date "2011.06.27"]
[Round "-"]
[White "mmccaffe"]
[Black "RobinChessmaster93"]
[Result "0-1"]
[WhiteCountry "USA"]
[BlackCountry "SWE"]
[WhiteElo "1628"]
[WhiteRD "50"]
[BlackElo "1562"]
[BlackRD "77"]
[GameID "287473"]

1. d4 d5 2. c4 c6 3. Nf3 Bg4 4. Ne5 Bf5 5. g4 f6 6. gxf5 fxe5 7. dxe5 g6 8. fxg6 hxg6 9. e3 Bg7 10. e6 Qd6
11. Qg4 g5 12. Qxg5 Bf6 13. Qg6+ Kd8 14. Nc3 Qxe6 15. cxd5 cxd5 16. Bb5 Bxc3+
0-1

[Event "Chess Cake, munching on the Chess Cake :-)"]
[Site "SchemingMind.com"]
[Date "2011.06.25"]
[Round "-"]
[White "kenneth m day"]
[Black "Clive Everill"]
[Result "1-0"]
[WhiteCountry "USA"]
[BlackCountry "CZE"]
[WhiteElo "1946"]
[WhiteRD "66"]
[BlackElo "1760"]
[BlackRD "50"]
[GameID "287474"]

1. d4 d5 2. Nf3 c6 3. Bf4 Bf5 4. e3 e6 5. Bd3 Bg6 6. Bxg6 hxg6 7. Nbd2 Nf6 8. Qe2 Nh5 9. Bg5 Be7 10. h4 Nd7
11. O-O-O f6 12. Bf4 Nxf4 13. exf4 Kf7 14. Rde1 Nf8 15. g4 Qd7 16. g5 Re8 17. Nf1 Bd8 18. Ng3 Nh7 19. h5 Qc8 20. hxg6+ Kxg6
21. Ne5+ fxe5 22. Qh5#
1-0

[Event "Chess Cake, munching on the Chess Cake :-)"]
[Site "SchemingMind.com"]
[Date "2011.06.25"]
[Round "-"]
[White "RobinChessmaster93"]
[Black "mmccaffe"]
[Result "0-1"]
[WhiteCountry "SWE"]
[BlackCountry "USA"]
[WhiteElo "1562"]
[WhiteRD "77"]
[BlackElo "1628"]
[BlackRD "50"]
[GameID "287477"]

1. e4 c5 2. Nf3 d6 3. Bb5+ Bd7 4. Nc3 a6 5. Bxd7+ Qxd7 6. O-O Nc6 7. Nd5 Qd8 8. d4 e6 9. Nc3 cxd4 10. Nxd4 Nf6
11. Bg5 Be7 12. f4 O-O 13. Nxc6 bxc6 14. e5 Nd5 15. Bxe7 Qxe7 16. Nxd5 cxd5 17. c4 dxc4 18. Qxd6 Qxd6
0-1

[Event "Chess Cake, munching on the Chess Cake :-)"]
[Site "SchemingMind.com"]
[Date "2011.06.26"]
[Round "-"]
[White "Clive Everill"]
[Black "kenneth m day"]
[Result "1/2-1/2"]
[WhiteCountry "CZE"]
[BlackCountry "USA"]
[WhiteElo "1809"]
[WhiteRD "50"]
[BlackElo "1943"]
[BlackRD "55"]
[GameID "287478"]

1. e4 e5 2. f4 exf4 3. Nf3 Be7 4. Bc4 Nf6 5. e5 Ng4 6. d4 d5 7. exd6 Qxd6 8. O-O O-O 9. Nc3 Nc6 10. Nd5 g5
11. h3 Nh6 12. a3 Be6 13. Nxe7+ Qxe7 14. Bxe6 fxe6 15. Re1 Qd6 16. c4 Rad8 17. Nxg5 Qxd4+ 18. Qxd4 Nxd4 19. Rb1 Rde8 20. Bd2 e5
21. Bc3 Nhf5 22. b4 h6 23. Ne4 Nc2 24. Re2 Nxa3 25. Ra1 Nxc4 26. Rxa7 Nfd6 27. Nc5 b6 28. Nd7 Rf7 29. Nxe5 Nxe5 30. Rxe5 Rxe5
31. Bxe5 f3 32. gxf3 Nb5 33. Ra8+ Kh7 34. Rh8+ Kg6 35. f4 c5 36. bxc5 bxc5 37. Rc8 Nd4 38. Kg2 Nb3 39. Kg3 h5 40. Rg8+ Kh7
41. Rc8 Kg6 42. Kh4 Rf5 43. Rg8+ Kh6 44. Rg3 Nd2 45. Rc3 c4 46. Rc2 Nf3+ 47. Kg3 Nxe5 48. fxe5 Rxe5 49. Rxc4 Rd5=
1/2-1/2

[Event "Chess Cake, munching on the Chess Cake :-)"]
[Site "SchemingMind.com"]
[Date "2011.06.28"]
[Round "-"]
[White "TRH"]
[Black "Scooter"]
[Result "1-0"]
[WhiteCountry "ENG"]
[BlackCountry "USA"]
[WhiteElo "2060"]
[WhiteRD "60"]
[BlackElo "1885"]
[BlackRD "62"]
[GameID "287681"]

1. e4 c6 2. d4 d5 3. Nc3 dxe4 4. Nxe4 Bf5 5. Ng3 Bg6 6. h4 h6 7. Nf3 Nd7 8. h5 Bh7 9. Bd3 Bxd3 10. Qxd3 Qc7
11. Bd2 Ngf6 12. O-O-O e6 13. Ne4 Nxe4 14. Qxe4 Nf6 15. Qe2 Bd6 16. g3 O-O-O 17. c4 Kb8 18. c5
1-0

[Event "Chess Cake, munching on the Chess Cake :-)"]
[Site "SchemingMind.com"]
[Date "2011.06.28"]
[Round "-"]
[White "Scooter"]
[Black "TRH"]
[Result "0-1"]
[WhiteCountry "USA"]
[BlackCountry "ENG"]
[WhiteElo "1885"]
[WhiteRD "62"]
[BlackElo "2060"]
[BlackRD "60"]
[GameID "287688"]

1. d4 d5 2. Nf3 Nf6 3. Bf4 e6 4. h3 c5 5. e3 Nc6 6. c3 Bd6 7. Bxd6 Qxd6 8. Bb5 O-O 9. O-O Bd7 10. Bxc6 Bxc6
11. Nbd2 Rac8 12. Ne5 Nd7 13. Nxc6 bxc6 14. dxc5 Nxc5 15. Nf3 Rb8 16. b3 Ne4 17. Qc2 Rfd8 18. Rfd1 h6 19. c4 Rbc8 20. Nd2 Nf6
21. c5 Qc7 22. a3 Qe5 23. Nf3 Qc7 24. b4 Rb8 25. Nd4 a5 26. Rab1 axb4 27. axb4 Rdc8 28. Rd3 Nd7 29. b5 cxb5 30. Rxb5 Rxb5
31. Nxb5 Qa5 32. c6 Qxb5 33. cxd7 Rxc2 34. d8=Q+ Kh7 35. Rd1 Qe2 36. Rf1 Qd3 37. Qe7 Qf5 38. Qd6 g6 39. Qe7 Kg7 40. Qb4 Qf6
41. Qb3 Qc3 42. Qa4 Qb2 43. Qf4 Rc4 44. Qg3 Rc2 45. Qf4 Rc4 46. Qd6 Qc3 47. Rb1 Rc6 48. Qd7 Ra6 49. Rb7 Qe1+ 50. Kh2 Qxf2
0-1

[Event "Chess Cake, munching on the Chess Cake :-)"]
[Site "SchemingMind.com"]
[Date "2011.07.03"]
[Round "-"]
[White "mochiron"]
[Black "emvarela"]
[Result "1-0"]
[WhiteCountry "JPN"]
[BlackCountry "ARG"]
[WhiteElo "1513"]
[WhiteRD "83"]
[BlackElo "1774"]
[BlackRD "47"]
[GameID "287740"]

1. f4 d5 2. Nf3 Nc6 3. e3 Bg4 4. Be2 Nf6 5. O-O e6 6. d4 Bxf3 7. Bxf3 Bd6 8. a3 Qe7 9. Nc3 O-O-O 10. Bd2 a6
11. b4 h6 12. b5 axb5 13. Nxb5 b6 14. Nxd6+ Qxd6 15. Qe2 Ne4 16. Bxe4 dxe4 17. Qa6+ Kd7 18. f5 Ra8 19. fxe6+ Qxe6 20. Qe2 Na7
21. d5 Qxd5 22. Rad1 Kc6 23. Bb4 Qe6 24. c4 Rhd8 25. Rc1 Rd3 26. c5 b5 27. Rcd1 Rad8 28. Rxd3 Rxd3 29. Ra1 Qb3 30. Rf1 Rxe3
31. Qg4 g5 32. Rf6+ Kb7 33. c6+ Nxc6 34. h3 Re1+ 35. Bxe1 Qe3+ 36. Bf2 Qc1+ 37. Kh2 Qc4 38. Be3 Ne5 39. Qg3 Qc3 40. Rf5 Nf3+
41. gxf3 Qxe3 42. Rxf7
1-0

[Event "Chess Cake, munching on the Chess Cake :-)"]
[Site "SchemingMind.com"]
[Date "2011.07.03"]
[Round "-"]
[White "Naoki_M"]
[Black "Olli Ylönen"]
[Result "0-1"]
[WhiteCountry "JPN"]
[BlackCountry "FIN"]
[WhiteElo "1616"]
[WhiteRD "86"]
[BlackElo "1778"]
[BlackRD "48"]
[GameID "287741"]

1. d4 Nf6 2. c4 e6 3. Nc3 Bb4 4. a3 Bxc3+ 5. bxc3 c5 6. f3 Nc6 7. e4 d6 8. Be3 b6 9. Bd3 O-O 10. Ne2 Ba6
11. O-O Rc8 12. Rb1 cxd4 13. cxd4 Na5 14. Rc1 Nxc4 15. Bxc4 Rxc4 16. Rxc4 Bxc4 17. Rf2 Bxe2 18. Qxe2 Qc7 19. Qc2 Rc8 20. Qxc7 Rxc7
21. Bd2 Rc4 22. d5 exd5 23. exd5 Rd4 24. Bc3 Rd1+ 25. Rf1 Rxf1+ 26. Kxf1 Nxd5 27. Bb4 Nxb4 28. axb4 Kf8 29. Ke2 Ke7 30. Kd3 Ke6
31. Kd4 d5 32. g4 a5
0-1

[Event "Chess Cake, munching on the Chess Cake :-)"]
[Site "SchemingMind.com"]
[Date "2011.07.03"]
[Round "-"]
[White "emvarela"]
[Black "mochiron"]
[Result "1-0"]
[WhiteCountry "ARG"]
[BlackCountry "JPN"]
[WhiteElo "1751"]
[WhiteRD "48"]
[BlackElo "1496"]
[BlackRD "80"]
[GameID "287745"]

1. e4 c5 2. Nf3 Nc6 3. d4 cxd4 4. c3 dxc3 5. Bc4 h6 6. Nxc3 e6 7. O-O e5 8. Qd5 Qf6 9. Nb5 Kd8 10. Rd1 d6
11. Qxf7 Qxf7 12. Bxf7 Nf6 13. Be3 Kd7 14. Bg6 a6 15. Bf5+ Ke7 16. Bxc8 Rxc8 17. Nxd6 Rc7 18. Nf5+ Kf7 19. Ng3 Be7 20. Rac1 g5
21. Bc5 Bxc5 22. Rxc5 Re7 23. Nf5 Ree8 24. Nd6+ Kg6 25. Nxe8 Rxe8 26. Rd6 Rf8 27. Nxe5+ Nxe5 28. Rxe5 Kh5 29. f3 Kh4 30. Rf5 Nh7
31. Rxf8 Nxf8 32. Rxh6#
1-0

[Event "Chess Cake, munching on the Chess Cake :-)"]
[Site "SchemingMind.com"]
[Date "2011.07.01"]
[Round "-"]
[White "Olli Ylönen"]
[Black "Naoki_M"]
[Result "1-0"]
[WhiteCountry "FIN"]
[BlackCountry "JPN"]
[WhiteElo "1768"]
[WhiteRD "52"]
[BlackElo "1583"]
[BlackRD "86"]
[GameID "287746"]

1. e4 c5 2. c3 d5 3. exd5 Qxd5 4. d4 Nf6 5. Nf3 e6 6. Be2 Bd7 7. O-O Be7 8. Be3 O-O 9. dxc5 Bc6 10. Qxd5 Bxd5
11. c4 Bc6 12. b4 Nbd7 13. Nc3 Bxf3 14. Bxf3 Rab8 15. Rfe1 Rfd8 16. a3 a6 17. h3 Ne5 18. Be2 Nc6 19. b5 axb5 20. cxb5 Na7
21. c6 Nxc6 22. bxc6 bxc6 23. Reb1 Rxb1+ 24. Nxb1 Nd5 25. a4 Ra8 26. Bd2 h6 27. Bc3 Kf8 28. Bd1 f6 29. Bb3 e5 30. Bxd5 cxd5
31. Bb2 d4 32. Ba3 Bxa3 33. Rxa3 Ke7 34. Nd2 f5 35. f3 g5 36. Nc4 Ke6 37. Kf2 f4 38. g3 h5 39. gxf4 gxf4 40. a5 Ra6
41. Rb3 Kd5 42. Rb6 Rxb6 43. Nxb6+ Kc6 44. Nc4 Kb5 45. Nxe5 Kxa5 46. Nd3 Kb6 47. Nxf4 Kc6 48. Nxh5 Kd6 49. Ke2 Ke5 50. Kd3 Kd5
51. Ng3 Ke5 52. h4 Kf4 53. Kxd4
1-0

[Event "Chess Cake, munching on the Chess Cake :-)"]
[Site "SchemingMind.com"]
[Date "2011.07.01"]
[Round "-"]
[White "zyga65"]
[Black "banong"]
[Result "1-0"]
[WhiteCountry "POL"]
[BlackCountry "PHI"]
[WhiteElo "2046"]
[WhiteRD "108"]
[BlackElo "1590"]
[BlackRD "86"]
[GameID "287813"]

1. e4 e5 2. d4 exd4 3. Nf3 Nc6 4. Bc4 h6 5. O-O d6 6. c3 Ne5 7. Nxe5 dxe5 8. f4 Bd6 9. fxe5 Bxe5 10. Bxf7+ Ke7
11. Bxg8 Rxg8 12. Qh5 Bf6 13. e5 Bg5 14. Qf7#
1-0

[Event "Chess Cake, munching on the Chess Cake :-)"]
[Site "SchemingMind.com"]
[Date "2011.07.01"]
[Round "-"]
[White "banong"]
[Black "zyga65"]
[Result "0-1"]
[WhiteCountry "PHI"]
[BlackCountry "POL"]
[WhiteElo "1590"]
[WhiteRD "86"]
[BlackElo "2046"]
[BlackRD "108"]
[GameID "287817"]

1. e4 c5 2. f4 d5 3. Nc3 dxe4 4. Nxe4 e6 5. d3 Nf6 6. Nxf6+ Qxf6 7. Nf3 Nc6 8. Be2 Bd6 9. g3 O-O 10. Be3 Qxb2
11. O-O Rd8 12. Ng5 Nd4 13. Bxd4 Qxd4+ 14. Kg2 h6 15. Ne4 Be7 16. c3 Qd5 17. Kg1 b6 18. Bf3 Qxd3 19. Nf6+ Bxf6 20. Bxa8 Qe3+
21. Kg2 Rxd1 22. Raxd1 Ba6 23. Rfe1 Qxc3 24. Re2 Bxe2
0-1

[Event "Chess Cake, munching on the Chess Cake :-)"]
[Site "SchemingMind.com"]
[Date "2011.07.17"]
[Round "-"]
[White "zyga65"]
[Black "jesusch"]
[Result "1-0"]
[WhiteCountry "POL"]
[BlackCountry "ESP"]
[WhiteElo "2038"]
[WhiteRD "80"]
[BlackElo "1988"]
[BlackRD "66"]
[GameID "288846"]

1. e4 c5 2. c3 Nf6 3. e5 Nd5 4. d4 e6 5. Nf3 Be7 6. Bc4 d6 7. O-O O-O 8. Nbd2 cxd4 9. cxd4 dxe5 10. dxe5 Nc6
11. Ne4 a6 12. Bb3 Qc7 13. Bxd5 exd5 14. Nc3 Rd8 15. Nxd5 Qa5 16. Nxe7+ Kf8 17. Nxc6 bxc6 18. Qc2 Bb7 19. Bd2 Qc7 20. Bb4+ Kg8
21. Bd6 Qd7 22. Rad1 h6 23. Rfe1 Qc8 24. Qc5 a5 25. a4 Ba6 26. Nd4 Bb7 27. e6 fxe6 28. Nxe6 Re8 29. Nc7 Rxe1+ 30. Rxe1 Qg4
31. Nxa8
1-0

[Event "Chess Cake, munching on the Chess Cake :-)"]
[Site "SchemingMind.com"]
[Date "2011.07.18"]
[Round "-"]
[White "jesusch"]
[Black "zyga65"]
[Result "1-0"]
[WhiteCountry "ESP"]
[BlackCountry "POL"]
[WhiteElo "2000"]
[WhiteRD "69"]
[BlackElo "2005"]
[BlackRD "73"]
[GameID "288852"]

1. e4 c5 2. Nf3 Nc6 3. d4 cxd4 4. Nxd4 g6 5. Nc3 Bg7 6. Be3 Nf6 7. Bc4 Qa5 8. O-O O-O 9. Nb3 Qc7 10. Be2 d6
11. f4 b6 12. a3 Bb7 13. Qd3 Rac8 14. Rad1 Rfd8 15. Nd5 Nxd5 16. exd5 Nb8 17. c3 Nd7 18. Bf3 Re8 19. Rfe1 h6 20. Nd4 Nc5
21. Qc2 Kh7 22. f5 gxf5 23. Nxf5 Kg8 24. Nxg7 Kxg7 25. Rd4 Rg8 26. Bxh6+ Kh8 27. Rh4 Rg6 28. Rxe7 Qxe7 29. Bf8+
1-0

[Event "Chess Cake, munching on the Chess Cake :-)"]
[Site "SchemingMind.com"]
[Date "2011.10.18"]
[Round "-"]
[White "mmccaffe"]
[Black "kenneth m day"]
[Result "1-0"]
[WhiteCountry "USA"]
[BlackCountry "USA"]
[WhiteElo "1701"]
[WhiteRD "58"]
[BlackElo "1866"]
[BlackRD "52"]
[GameID "295362"]

1. d4 e6 2. c4 Nf6 3. Nf3 c5 4. d5 d6 5. Nc3 exd5 6. cxd5 g6 7. e4 Bg7 8. Bd3 O-O 9. O-O Bg4 10. h3 Bd7
11. Re1 Re8 12. Nd2 Nh5 13. a4 Bc8 14. Nc4 Qe7 15. f4 Qh4 16. e5 Bxh3 17. gxh3 Qg3+ 18. Kf1 Qxh3+ 19. Ke2 Qg2+ 20. Ke3 Bh6
21. Bf1 Qg1+ 22. Kd3 Nxf4+ 23. Kc2 Qh2+ 24. Kb1 Nd7 25. Nxd6 Rxe5 26. Rxe5 Nxe5 27. Nxb7 c4 28. Qd4 Nfd3 29. Bxd3 Bxc1 30. Bc2 Bf4
31. d6 g5 32. d7 Nxd7 33. Qxd7 Qg2 34. Nd8 Qh1+ 35. Ka2 Qh5 36. Rh1 Qxh1 37. Qxf7+
1-0

[Event "Chess Cake, munching on the Chess Cake :-)"]
[Site "SchemingMind.com"]
[Date "2011.10.18"]
[Round "-"]
[White "kenneth m day"]
[Black "mmccaffe"]
[Result "1-0"]
[WhiteCountry "USA"]
[BlackCountry "USA"]
[WhiteElo "1897"]
[WhiteRD "56"]
[BlackElo "1631"]
[BlackRD "53"]
[GameID "295370"]

1. e4 c5 2. Nf3 d6 3. g3 g6 4. Bg2 Bg7 5. O-O Nc6 6. c3 Nf6 7. Re1 Qc7 8. d3 O-O 9. Bg5 a6 10. Qd2 Rb8
11. Bh6 b5 12. Qg5 Bb7 13. Nbd2 e5 14. Nh4 b4 15. Rf1 bxc3 16. bxc3 a5 17. f4 Nd7 18. fxe5 Ndxe5 19. Bxg7 Kxg7 20. Nf5+ Kg8
21. Nh6+ Kg7 22. Qf6+ Kxh6 23. Rf4
1-0

[Event "Chess Cake, munching on the Chess Cake :-)"]
[Site "SchemingMind.com"]
[Date "2011.12.12"]
[Round "-"]
[White "THFC"]
[Black "Olli Ylönen"]
[Result "0-1"]
[WhiteCountry "ENG"]
[BlackCountry "FIN"]
[WhiteElo "1466"]
[WhiteRD "115"]
[BlackElo "1843"]
[BlackRD "55"]
[GameID "298974"]

1. e4 e5 2. Nf3 Nc6 3. Bb5 f5 4. Bxc6 dxc6 5. exf5 e4 6. Ne5 Bxf5 7. O-O Qd4 8. Ng4 O-O-O 9. Ne3 Bg6 10. c3 Qd7
11. Qg4 Nf6 12. Qxd7+ Rxd7 13. b3 c5 14. c4 c6 15. Nc3 Be7 16. h3 h6 17. f3 exf3 18. Rxf3 Be4 19. Nxe4 Nxe4 20. Nf1 Rf8
21. Rxf8+ Bxf8 22. Rb1 g5 23. Rb2 Bg7 24. Rc2 a6 25. Bb2 Bxb2 26. Rxb2 b5 27. Rc2 Kc7 28. g4 Rh7 29. Kg2 h5 30. d3 Nd6
31. Ng3 hxg4 32. hxg4 Nf7 33. Re2 Nh6 34. Re4 Rf7 35. Re5 Nxg4 36. Rxg5 Rf2+ 37. Kg1 Rf4 38. Rg7+ Kb6 39. Ne2 Rf2 40. Rxg4 Rxe2
41. Rg2 Rxg2+ 42. Kxg2 bxc4 43. dxc4 a5 44. Kf3 a4 45. Ke4 Ka5 46. Kd3 Kb4 47. Kc2 Ka3 48. bxa4 Kxa4 49. Kc3 Ka3 50. Kd3 Kxa2
51. Kc3 Ka3
0-1

[Event "Chess Cake, munching on the Chess Cake :-)"]
[Site "SchemingMind.com"]
[Date "2011.12.12"]
[Round "-"]
[White "Olli Ylönen"]
[Black "THFC"]
[Result "1-0"]
[WhiteCountry "FIN"]
[BlackCountry "ENG"]
[WhiteElo "1797"]
[WhiteRD "52"]
[BlackElo "1474"]
[BlackRD "103"]
[GameID "298977"]

1. e4 e5 2. Nf3 d6 3. d4 exd4 4. Nxd4 Nf6 5. Nc3 Be7 6. Be2 O-O 7. O-O c5 8. Nb3 Nc6 9. Bf4 h6 10. Qd2 Be6
11. Rfd1 Ne5 12. Qe3 Nc4 13. Bxc4 Bxc4 14. Nxc5
1-0

[Event "Chess Cake, munching on the Chess Cake :-)"]
[Site "SchemingMind.com"]
[Date "2012.02.07"]
[Round "-"]
[White "mmccaffe"]
[Black "emvarela"]
[Result "0-1"]
[WhiteCountry "USA"]
[BlackCountry "ARG"]
[WhiteElo "1657"]
[WhiteRD "71"]
[BlackElo "1740"]
[BlackRD "47"]
[GameID "302888"]

1. e4 e5 2. Nf3 Nc6 3. Bb5 f5 4. d3 fxe4 5. dxe4 Nf6 6. O-O Bc5 7. Nc3 d6 8. Bxc6+ bxc6 9. h3 Be6 10. Qe2 O-O
11. Na4 Bb6 12. Nxb6 cxb6 13. Bg5 b5 14. Rad1 h6 15. Bxf6 gxf6 16. Qd2 d5 17. exd5 cxd5 18. Qxh6 Rf7 19. Qd2 Rg7 20. Kh1 Qd7
21. Ng1 Kf7 22. b3 Rh8 23. f3 Rg3 24. c4 bxc4 25. bxc4 d4 26. f4 Bxh3 27. Nxh3 Rhxh3+ 28. gxh3 Rxh3+
0-1

[Event "Chess Cake, munching on the Chess Cake :-)"]
[Site "SchemingMind.com"]
[Date "2012.02.07"]
[Round "-"]
[White "emvarela"]
[Black "mmccaffe"]
[Result "1-0"]
[WhiteCountry "ARG"]
[BlackCountry "USA"]
[WhiteElo "1697"]
[WhiteRD "45"]
[BlackElo "1655"]
[BlackRD "73"]
[GameID "302890"]

1. d4 Nf6 2. c4 e6 3. Nc3 Bb4 4. Qc2 O-O 5. e4 d5 6. e5 Bxc3+ 7. bxc3 Nfd7 8. Bd3 g6 9. cxd5 exd5 10. Nf3 c5
11. dxc5 Nxc5 12. Ba3 Nxd3+ 13. Qxd3 Re8 14. Bd6 Qxd6 15. O-O Qc6 16. Rfe1 Be6 17. Nd4 Qa6 18. Qg3 Nc6 19. Nxe6 Rxe6 20. h4 Qc4
21. f4 d4 22. f5 Ree8 23. f6 Qxc3 24. Qg5 Kh8 25. Qh6 Rg8 26. Rac1 Qb2 27. e6 fxe6 28. Rxe6 d3 29. f7 Rgf8 30. Rxg6 d2
31. Rd1 Rad8 32. Rd6 Rxd6 33. Qxd6 Qd4+ 34. Qxd4+ Nxd4 35. Rxd2 Nc6 36. Rd7 Ne5 37. Rxb7 Rxf7 38. Rb5 Ng6 39. h5 Nf8 40. Rg5 Rg7
41. Rc5 Re7 42. Ra5
1-0

[Event "Chess Cake, munching on the Chess Cake :-)"]
[Site "SchemingMind.com"]
[Date "2012.04.28"]
[Round "-"]
[White "zyga65"]
[Black "Olli Ylönen"]
[Result "1-0"]
[WhiteCountry "POL"]
[BlackCountry "FIN"]
[WhiteElo "2078"]
[WhiteRD "88"]
[BlackElo "1840"]
[BlackRD "54"]
[GameID "309125"]

1. e4 e5 2. d4 exd4 3. Nf3 Nc6 4. Bc4 Nf6 5. e5 d5 6. Bb5 Ne4 7. Bxc6+ bxc6 8. Nxd4 Bd7 9. O-O Bc5 10. Be3 Qe7
11. Re1 O-O 12. f3 Ng5 13. Qd2 f6 14. exf6 Qxf6 15. Nc3 Rae8 16. Na4 Bxd4 17. Bxd4 Qg6 18. Kh1 Rxe1+ 19. Rxe1 Rxf3 20. gxf3 Nxf3
21. Qf2 Nxe1 22. Qxe1 Bh3 23. Qe2 Bf5 24. Nc5 Bxc2 25. Qe6+ Qxe6 26. Nxe6 g6 27. Bxa7 Kf7 28. Nxc7 Ke7 29. Bc5+ Kd7 30. Na6 Bf5
31. Kg2 Ke6 32. Bd4 Kd6 33. Nc5 Be4+ 34. Kf2 Kc7 35. b4 Kd6 36. a4
1-0

[Event "Chess Cake, munching on the Chess Cake :-)"]
[Site "SchemingMind.com"]
[Date "2012.04.25"]
[Round "-"]
[White "Olli Ylönen"]
[Black "zyga65"]
[Result "1/2-1/2"]
[WhiteCountry "FIN"]
[BlackCountry "POL"]
[WhiteElo "1840"]
[WhiteRD "54"]
[BlackElo "2078"]
[BlackRD "88"]
[GameID "309132"]

1. e4 c5 2. c3 Nf6 3. e5 Nd5 4. d4 cxd4 5. Nf3 Nc6 6. cxd4 d6 7. Bc4 Nb6 8. Bb5 dxe5 9. Nxe5 Bd7 10. Nxd7 Qxd7
11. Nc3 e6 12. O-O Be7 13. Qg4 O-O 14. Bxc6 bxc6 15. Bh6 Bf6 16. Rfd1 Kh8 17. Ne4 Qe7 18. Bg5 Bxg5 19. Qxg5 Qxg5 20. Nxg5 Nd5
21. Rac1 Rab8 22. Rd2 Rb6 23. Rc4 g6=
1/2-1/2

[Event "Chess Cake, munching on the Chess Cake :-)"]
[Site "SchemingMind.com"]
[Date "2012.07.30"]
[Round "-"]
[White "emvarela"]
[Black "zyga65"]
[Result "0-1"]
[WhiteCountry "ARG"]
[BlackCountry "POL"]
[WhiteElo "1717"]
[WhiteRD "50"]
[BlackElo "2092"]
[BlackRD "101"]
[GameID "315205"]

1. e4 c5 2. Nf3 Nc6 3. d4 cxd4 4. Nxd4 g6 5. c4 Bg7 6. Be3 Nf6 7. Nc3 O-O 8. Be2 d6 9. O-O Bd7 10. Qd2 Nxd4
11. Bxd4 Bc6 12. f3 a5 13. Nd5 Nd7 14. Bxg7 Kxg7 15. Qc3+ Kg8 16. Rfd1 Rc8 17. b4 Bxd5 18. exd5 Qb6+ 19. Kf1 axb4 20. Qd4 Qxd4
21. Rxd4 Ra8 22. Bd1 Nc5 23. Rb1 Rxa2 24. Rxb4 Rfa8 25. h3 R8a3 26. g3 Rh2 27. h4 Raa2 28. Kg1 Rhg2+
0-1

[Event "Chess Cake, munching on the Chess Cake :-)"]
[Site "SchemingMind.com"]
[Date "2012.07.31"]
[Round "-"]
[White "zyga65"]
[Black "emvarela"]
[Result "1-0"]
[WhiteCountry "POL"]
[BlackCountry "ARG"]
[WhiteElo "2092"]
[WhiteRD "101"]
[BlackElo "1717"]
[BlackRD "50"]
[GameID "315207"]

1. e4 e5 2. d4 exd4 3. Nf3 Nc6 4. Bc4 Bc5 5. O-O Nf6 6. e5 d5 7. Bb5 Ne4 8. Nxd4 Bd7 9. Bxc6 bxc6 10. f3 Bxd4+
11. Qxd4 Ng5 12. f4 Ne4 13. Nd2 Nxd2 14. Bxd2 O-O 15. f5 Qb8 16. c4 Qb6 17. c5 Qb5 18. e6 fxe6 19. fxe6 Bxe6 20. Bc3
1-0